000 01258naa a22003257a 4500
001 BR7502396
003 BR-BrBNA
005 20240918173725.0
007 ta
008 230509b bl.||||| |||| 00| 0 por d
040 _aBR-BrBNA
_bpor
_cBiblioteca Nacional de Agricultura
041 _a(Pt)
072 _aM00; M10; M40
_b/G514
090 _aM00 BR7502396
100 1 _aVazzoler, G.
245 1 _aA pesca maritima no Brasil [Desenvolvimento pesqueiro; Industria pesqueira; Equipamento pesqueiro; Biologia aquatica]
260 3 _aSao Paulo, SP (Brasil):
_c1975.
500 _aRothschild, B.J. (comp.) A pesca: seus recursos e interesses nacionais Sao Paulo, SP (Brasil): 1975. p. 283-297 (BR7502396-AM)M00
650 _aPesca
650 _aProducao pesqueira
650 _aBiologia aquatica
650 _aPesca marinha
650 _aPolitica economica
650 _aDesenvolvimento pesqueiro
650 _aIndustria pesqueira
650 _aEquipamento pesqueiro
773 0 _tA pesca: seus recursos e interesses nacionais
_aRothschild, B.J. (comp.). Instituicao Brasileira de Difusao Cultural S.A., Sao Paulo, SP
_wM00 BR7502396
_gSao Paulo, SP (Brasil), 1975. p. 283-297
909 _a202404
_bLucia
_c55
_dLucia Elande
942 _cAM
_2AGRIS
999 _c306455
_d306455